New directions in technical services: trends and sources
A systematic and indexed update of key trends and developments in technical services.
সংরক্ষণ করুন:
| প্রধান লেখক: | |
|---|---|
| বিন্যাস: | গ্রন্থ |
| ভাষা: | Undetermined |
| প্রকাশিত: |
Chicago, IL
American Library Association
1997
|
| বিষয়গুলি: | |
| ট্যাগগুলো: |
ট্যাগ যুক্ত করুন
কোনো ট্যাগ নেই, প্রথমজন হিসাবে ট্যাগ করুন!
|
| Thư viện lưu trữ: | Trung tâm Học liệu Trường Đại học Cần Thơ |
|---|
| LEADER | 00740nam a2200217Ia 4500 | ||
|---|---|---|---|
| 001 | CTU_127020 | ||
| 008 | 210402s9999 xx 000 0 und d | ||
| 082 | |a 025 | ||
| 082 | |b J66 | ||
| 100 | |a Johnson, Peggy | ||
| 245 | 0 | |a New directions in technical services: | |
| 245 | 0 | |b trends and sources | |
| 245 | 0 | |c Peggy Johnson | |
| 260 | |a Chicago, IL | ||
| 260 | |b American Library Association | ||
| 260 | |c 1997 | ||
| 520 | |a A systematic and indexed update of key trends and developments in technical services. | ||
| 650 | |a Library science,Technical services (Libraries),Technical services (Libraries),Library administration | ||
| 650 | |z Management | ||
| 904 | |i Nguyên | ||
| 980 | |a Trung tâm Học liệu Trường Đại học Cần Thơ | ||